Statistics for Taylor Swift 1989

Click here to take the quiz!

General Stats

  • This quiz has been taken 1,433 times
  • The average score is 9 of 15

Answer Stats

HintAnswer% Correct
You got that _____ ______ day dream look in your eyeJames Dean
90%
Boys only want love if it'storture
88%
Had me in the _____ of your handspalm
84%
When I was drowning, that's when I could finallybreathe
82%
Remember when you hit the breakstoo soon
79%
Darling I'm a nightmare dressed likea day dream
75%
So it's gonna be forever, or it's going togo down in flames
74%
You know I love the players andyou love the game
64%
We were built to fall apart andfall back together
51%
People like me wanna believe you when you sayyou've changed
49%
I get drunk onjealousy
46%
Let the flood carry away allmy pictures of you
32%
You were all I wanted butnot like this
28%
You made a really big ____cut
27%
Baby I could build a castle out ofall the bricks you threw at me
13%

Score Distribution

Percentile by Number Answered

Percent of People with Each Score

Your Score History

You have not taken this quiz